| 000 | 00645nam a2200229Ia 4500 | ||
|---|---|---|---|
| 005 | 20260320201942.0 | ||
| 008 | 008 262003s9999 xx 000 0 eng d | ||
| 037 | _aEBOOK | ||
| 040 | _aCRL | ||
| 040 | _beng | ||
| 040 | _cCRL | ||
| 041 | _2eng | ||
| 041 | _aeng | ||
| 084 | _qCRL | ||
| 100 |
_aChebbi _91136402 |
||
| 245 | 0 | _aReactive Patterns with RxJS for Angular: A practical guide to managing your Angular application's data reactively and efficiently using RxJS 7 | |
| 260 | _bIEEE | ||
| 856 | _uhttps://ieeexplore.ieee.org/servlet/opac?bknumber=10163534 | ||
| 942 | _cEBOOK | ||
| 999 |
_c1724458 _d1724458 |
||